00656nam a2200193 i 450000100060000000300090000600500170001500700030003200800410003510000280007624500800010425000120018426000390019630000270023570000290026285200320029199900170032395201220034075284ES-MaACL20230906172408.0t|040923s1964 xxu ||||1| eng d1 aGrant, Eugene L.95965510aBasic accounting and cost accounting / cEugene L. Grant, Lawrence F. Bell. a2nd ed. aNew York : bMcGraw-Hill, c[1964] aVII, 520 p. ; c23 cm.1 aBell, Lawrence F.927178 aES-MaACLjC-56370 bR.89081 c75284d75284 00104070aATENEOMbATENEOMcDEPO2d2008-01-17eSCl0oC-56370p1078799r2023-02-23 00:00:00w2023-02-23yMONOGRAFIA